LEADER 00863nam0-22002771i-450 001 990005854150403321 005 20240410165730.0 035 $aFED01000585415 035 $a(Aleph)000585415FED01 035 $a000585415 100 $a19990530d1960----km-y0itay50------ba 101 0 $aita 105 $ay-------001yy 200 1 $aRusellae$fC. Laviosa$gcon una premessa d Ranuccio Bianchi Bandinelli 210 $aFirenze$cLeo Olschki$d1960 215 $a37 p.$cill.$d28 cm 300 $aEstratto da: Studi etruschi, vol. XXVII - (serie II), 1959, p. 4-40 700 1$aLaviosa,$bClelia$0185398 702 1$aBianchi Bandinelli,$bRanuccio$f<1900-1975> 801 0$aIT$bUNINA$gRICA$2UNIMARC 901 $aBK 912 $a990005854150403321 952 $aARCH. BM MISC. 154 (15)$bARCH. 14976$fFLFBC 959 $aFLFBC 996 $aRusellae$9234457 997 $aUNINA